Съчинения (Запис номер 84202)
[ съкратено ]
| 000 -Лидер | |
|---|---|
| Контролно поле с фиксирана дължина | 01572nam a2200337 c 4500 |
| 003 - Код на организацията, давaща контролен номер | |
| Контролно поле | BLK |
| 005 - Дата и час на последна редакция | |
| Контролно поле | 20191202091835.0 |
| 008 - Елементи от данни с фиксирана дължина | |
| fixed length control field | 180408b bul|||||r ||||||| ||bul|| |
| 010 ## - Наследен системен номер | |
| LC control number | KNG00088769000 |
| 020 ## - Международен стандартен номер на книга ISBN | |
| Международен стандартен номер на книга ISBN | 978-954-09-0124-4 |
| -- | издат.: Захарий Стоянов - на том(т. 4) |
| 040 ## - Източник на каталожния запис | |
| Идентификатор на билиотеката - собственик на записа | BLK |
| 041 ## - Код за език | |
| Код за езика на текст/звукозапис или на отделно заглавие | Български |
| Код за езика КДБФ | Български |
| 080 ## - УДК | |
| Текстов определител УДК | Българска литература |
| УДК код - определител по УДК | 821.163.2 |
| УДК определител | (081) |
| УДК - код + определител | 821.163.2(081) |
| 080 ## - УДК | |
| Текстов определител УДК | Драматични театри. Театри за драма и комедия. Вж и 82-2 |
| УДК код - определител по УДК | 792.2 |
| УДК определител | |
| УДК - код + определител | 792.2 |
| 080 ## - УДК | |
| Текстов определител УДК | Българска литература |
| УДК код - определител по УДК | 821.163.2 |
| УДК определител | -8 |
| УДК - код + определител | 821.163.2-8 |
| 100 1# - Редна дума - Автор | |
| Автор | Цанков, Вили Христов |
| Авторска отговорност | първи автор |
| R(LIN) | 274049 |
| 139 ## - Редно поле | |
| Редна дума | Цанков, Вили Христов |
| Авторски знак | Цанк - Ц 17 |
| 245 10 - Сведения за заглавието | |
| Заглавие | Съчинения |
| Подзаглавни данни | В 5 т. |
| Редно поле (дума) | Вили Христов Цанков. |
| Том | Т. 4 |
| Заглавие на том | Вилиси |
| 257 ## - Страна на издаване | |
| Страна на създаване/издаване | България |
| 260 ## - Област на издателските данни | |
| -- | София |
| Година на издаване | 2008 |
| Печатница | София : Д. Благоев |
| 300 ## - Физическа характеристика | |
| Размери/Мащаб | 24 см |
| 380 ## - Жанр | |
| Жанр | Худож. лит. |
| 490 1# - СЕРИИ (Колекции) | |
| Име на серия | Поредица Мелпомена |
| 505 ## - Форматирана забележка | |
| Подзаглавни данни | |
| Авторската отговорност | |
| Заглавие | Черупката |
| 760 1# - Описание на основната серия | |
| -- | - на том(т. 4) |
| Редна дума на основното описание | Цанков, Вили Христов |
| Място на издаване, издател и година | Захарий Стоянов, 2008 |
| Страници - том | 312 с. |
| Забележка - том | Съдържа и Змей ; Вили Цанков / Петър Караангов ; Ерудитът / Радко Дишлиев |
| Заглавие | Т. 4 Вилиси |
| 852 ## - Местоположение | |
| Форматна сигнатура | Цб 243557 |
| 856 4# - Електронен адрес и достъп | |
| Електронен формат | pdf - файл |
| Път до файла /url/ | |
| 856 4# - Електронен адрес и достъп | |
| Електронен формат | pdf - файл |
| Път до файла /url/ | |
| 942 ## - АРТИКУЛИ | |
| Вид на библиотечния материал | Книги |
| Скрит в OPAC | Не |
| Koha issues (borrowed), all copies | 1 |
| 944 ## - СЪЗДАВАНЕ И РЕДАКЦИЯ на ЗАПИСА | |
| Създаване/Редакция | Създаване |
| Дата на регистрацията/редакция | 07.04.2009 |
| Статус, дата на статуса | ф / |
| Служител, извършил регистрацията/редакцията | Милена_Ачева |
| 944 ## - СЪЗДАВАНЕ И РЕДАКЦИЯ на ЗАПИСА | |
| Създаване/Редакция | Редакция |
| Дата на регистрацията/редакция | 14.08.2015 |
| Статус, дата на статуса | ф / |
| Служител, извършил регистрацията/редакцията | Людмила_Стоянова |
| 999 ## - СИСТЕМНИ КОНТРОЛНИ НОМЕРА | |
| Koha biblionumber | 84202 |
| Koha biblioitemnumber | 84202 |
| Код за отписване | Код за изгубен артикул | Код за повреда | Коз за рестрикции | Код за отдаване | Артикулен № | Име на библиотеката - собственик | Име на библиотеката, в която се намира в момента | Статус (Текущо местоположение) | Дата на вписване в системата | Местоположение - отдел | Цена в лева | Инвентарен номер | Систематично азбучна сигнатура | Баркод | Номер на екземпляра | Цена в евро | Служебна бележка | Служебен тип на артикула |
|---|---|---|---|---|---|---|---|---|---|---|---|---|---|---|---|---|---|---|
| Не е изгубен | Не е повреден | без рестрикции | ползва се в читалня | 136712 | Регионална библиотека "Любен Каравелов" Русе | Регионална библиотека "Любен Каравелов" Русе | Хранилище | 2009-04-02 | Хранилище | 12.00 | 120000734804 | Цб 243557 | 120000734804 | 1 | 6.14 | Дост: Dp Вид: Д N: 44 Дата: 15.10.2008 | Книги | |
| Не е изгубен | Не е повреден | без рестрикции | заемане за дома | 136713 | Регионална библиотека "Любен Каравелов" Русе | Регионална библиотека "Любен Каравелов" Русе | Заемна - подръчен фонд | 2015-07-23 | Заемна - подръчен фонд | 12.00 | 120000790535 | П 886.7(081)/Ц 17 | 120000790535 | 2 | 6.14 | Дост: DA Вид: А N: 13 Дата: 23.07.2015 Дата инв: 09.02.2018 Бележки инв: П2018 | Книги |